| 000 | 00652cab a2200193 4500 | ||
|---|---|---|---|
| 001 | X89535 | ||
| 008 | 090401t1998 xxu||||| |||| 00| 0 eng d | ||
| 035 | _a(Sirsi) u89535 | ||
| 041 | _aeng | ||
| 245 | _aLiability | ||
| 260 | _c1998 | ||
| 350 | _a0 | ||
| 490 |
_aEstates Gazette Case Summaries _v1998 EGCS 147 (31/10/98) |
||
| 520 | _a"British Telecom plc v Nottinghamshire CC" QBD 21 October 1998. Held that failure to property reinstate a footpath was continuing offence under New Roads and street Works Act 1991 s71. | ||
| 650 | _aFOOTPATHS | ||
| 690 | _aHIGHWAYS RIGHTS OF WAY AND EASEMENTS-CASE LAW | ||
| 942 | _n0 | ||
| 948 | _c05/11/1998 | ||
| 999 |
_c56661 _d56661 |
||